000 01204nam a22003737a 4500
003 CHAP
005 20220817044220.0
008 080522d2007 uk a r 00110 eng d
010 _a94841
011 _a95813
020 _a978904445029
035 _a106444
040 _cCHAP
082 0 4 _a551
_bB4
100 1 _aBell, F.G.
_911355
245 1 0 _aBasic environmental and engineering geology
_c/by Fred G. Bell
260 _aCaithness, UK :
_bWhittles Publishing,
_c2007
300 _aix, 342 p. :
_bilus. ; gráfs. ; cuadros
590 _aBATCH-UPD
_b10
_c20130110
_lUCH01
_h0825
590 _aBATCH-UPD
_b10
_c20130410
_lUCH01
_h0503
590 _aBATCH-UPD
_b10
_c20130914
_lUCH01
_h1036
590 _aCONVERSION
_b10
_c20130109
_lUCH01
_h1352
650 1 4 _aConstrucción
_xMateriales de.
_927387
650 1 4 _aGeología.
_947604
650 1 4 _aIngeniería ambiental.
_958207
650 1 4 _aMedio ambiente.
_974065
650 1 4 _aRecursos hidraulicos.
650 1 4 _aRocas.
_998161
650 1 4 _aSuelos
_xIngeniería.
_9110401
650 1 4 _aTierras
_xEvaluación.
_9113113
901 _aBK
942 _cLIBRO
949 _a551 B4
_bBC
_cLIBRO
_d33724002057033
_eLIBRO
_gI.235627
_h109424
_i106444
_sb
_t$1313.45
999 _c94841
_d94841